Southville International School and Colleges
Your cart is empty.
  • Cart
  • Lists
    Public lists Eva Luna New books Lux_list list_1
    Your lists Log in to create your own lists
  • Log in to your account
  • Your cookies
  • Search history
Southville International School and Colleges
  • Advanced search
  • Recent comments
  • Most popular
  • Libraries

Log in to your account

Log in with GOOGLE


If you do not have an external account, but do have a local account, you can still log in:

  1. Home
  2. MARC view: Six world faiths /
Normal view MARC view ISBD view

Six world faiths / (Record no. 8654)

[ view plain ]
MARC details
000 -LEADER
fixed length control field 01000cam a2200301 a 4500
001 - CONTROL NUMBER
control field 14032647
003 - CONTROL NUMBER IDENTIFIER
control field OSt
005 - DATE AND TIME OF LATEST TRANSACTION
control field 20140310182035.0
008 - FIXED-LENGTH DATA ELEMENTS--GENERAL INFORMATION
fixed length control field 050711s2004 enkab b 001 0 eng
010 ## - LIBRARY OF CONGRESS CONTROL NUMBER
LC control number 2005279289
020 ## - INTERNATIONAL STANDARD BOOK NUMBER
International Standard Book Number 0304337315
040 ## - CATALOGING SOURCE
Original cataloging agency DLC
Transcribing agency DLC
Modifying agency DLC
050 00 - LIBRARY OF CONGRESS CALL NUMBER
Classification number BL 80.3
Item number .C689 1996
100 ## - MAIN ENTRY--PERSONAL NAME
Personal name Douglas Charing
9 (RLIN) 10587
130 0# - MAIN ENTRY--UNIFORM TITLE
Uniform title Comparative religions.
9 (RLIN) 10588
245 10 - TITLE STATEMENT
Title Six world faiths /
Statement of responsibility, etc Douglas Charing ... [et al.] ; edited by W. Owen Cole.
260 ## - PUBLICATION, DISTRIBUTION, ETC. (IMPRINT)
Place of publication, distribution, etc London ;
-- New York :
Name of publisher, distributor, etc Continuum,
Date of publication, distribution, etc 2004.
300 ## - PHYSICAL DESCRIPTION
Extent 346 p. :
Other physical details ill., 2 maps ;
Dimensions 20 cm.
504 ## - BIBLIOGRAPHY, ETC. NOTE
Bibliography, etc Includes bibliographical references (p. 335-336) and index.
650 #0 - SUBJECT ADDED ENTRY--TOPICAL TERM
Topical term or geographic name as entry element Religions.
9 (RLIN) 10010
700 1# - ADDED ENTRY--PERSONAL NAME
Personal name Charing, Douglas.
9 (RLIN) 10589
700 1# - ADDED ENTRY--PERSONAL NAME
Personal name Cole, W. Owen
Fuller form of name (William Owen)
9 (RLIN) 10590
740 0# - ADDED ENTRY--UNCONTROLLED RELATED/ANALYTICAL TITLE
Uncontrolled related/analytical title 5 world faiths.
906 ## - LOCAL DATA ELEMENT F, LDF (RLIN)
a 7
b cbc
c origcop
d 2
e ncip
f 20
g y-gencatlg
942 ## - ADDED ENTRY ELEMENTS (KOHA)
Source of classification or shelving scheme Library of Congress Classification
Koha item type
Holdings
Withdrawn status Lost status Source of classification or shelving scheme Damaged status Home library Current library Shelving location Date acquired Total Checkouts Full call number Barcode Date last seen Copy number Price effective from Koha item type
    Library of Congress Classification   Luxembourg Library Luxembourg Library High School Section 08/15/2013   BL 80.3 .C689 1996 6607 06/13/2017 1 08/15/2013 Books

Six world faiths /

APA

Douglas Charing, Charing D. & Cole W. O. (2004). Six world faiths. London: Continuum.

Chicago

Douglas Charing, Charing Douglas and Cole W Owen. 2004. Six world faiths. London: Continuum.

Harvard

Douglas Charing, Charing D. and Cole W. O. (2004). Six world faiths. London: Continuum.

MLA

Douglas Charing, Charing Douglas and Cole W Owen. Six world faiths. London: Continuum. 2004.

  • Place hold
  • Print
  • Cite
  • Add to your cart (remove)
  • Save record
    BIBTEX Dublin Core MARCXML MARC (non-Unicode/MARC-8) MARC (Unicode/UTF-8) MARC (Unicode/UTF-8, Standard) MODS (XML) RIS
  • More searches
    Search for this title in:
    Other Libraries (WorldCat) Other Databases (Google Scholar) Online Stores (Bookfinder.com) Open Library (openlibrary.org)

Exporting to Dublin Core...

SOUTHVILLE LIBRARY

Southville International School and Colleges Library

1281 Tropical Ave. Cor. Luxembourg St., BF Homes International, Las Pinas City

Tel. No. 8256374 / 252358 Loc. 117/146

Powered by Koha